01718nam a22003857a 4500003000500000005001700005008004100022010001000063011001000073020001800083035001100101040000900112082002100121245015800142260006900300300003900369490009200408590004100500590004100541590004100582590004200623650003800665650003500703650005400738650005100792700004100843700004800884700005300932830009900985901000701084942001001091949007301101999001701174952014101191CHAP20220329143443.0091013s2008 mx a r 00010 spa d a96873 a97845 a9789708260053 a108517 cCHAP04a338.097252bAc8500aActividad económica regional en el Estado de Méxicoc/compilado por Laura E. del Moral Barrera, Óscar M. Rodríguez Pichardo y Pablo Mejía Reyes aToluca, Edo. de Méx. :bGobierno del Estado de México,c2008 a254 p. :bilus., cuadros, gráfs. 0aBiblioteca Mexiquense del Bicentenario.pColección mayor : Administración pública aBATCH-UPDb10c20130110lUCH01h1614 aBATCH-UPDb10c20130410lUCH01h1009 aBATCH-UPDb10c20130914lUCH01h1300 aCONVERSIONb10c20130109lUCH01h135414aAgriculturazMexico (Edo.).9193414aEmpleoxMéxico (Edo.)93656814aMéxico (Edo.)xCondiciones económicas.97682414aPlaneación regionalzMéxico (Edo.).9887291 aMejía Reyes, Pabloe, comp.9742811 aMoral Barrera, Laura E. dele, comp.9781981 aRodríguez Pichardo, Óscar M.e, comp.998782 0aBiblioteca Mexiquense del Bicentenario.pColección mayor : Administración pública912421 aBK cLIBRO a338.097252 Ac85bBCcLIBROd33724002103439eLIBROh111391i108517sb c96873d96873 00102ddc4052708GRALaBCbBCcPA_GRALd2019-12-31fLIBROl0o338.097252 Ac85p33724002103439r2019-12-31 00:00:00w2019-12-31yLIBRO